[Event "Rentrée CEH 2018 (Open)"]
[Site "Gatineau"]
[Date "2018.09.18"]
[Round "2"]
[White "Danilov Alex"]
[Black "Laurin Jacques"]
[Result "1-0"]
[BlackElo "1844"]
[EventCountry "CAN"]
[EventDate "2018.09.18"]
[EventRounds "1"]
[EventType "tourn"]
[SourceTitle "Opening Tree 2017.ctg"]
[WhiteElo "1663"]

{ Commentaires d'Alex. } 1.Nf3 d6 2.c4 Nf6 3.Nc3 e5 4.g3 Nc6 5.Bg2 Bf5 6.d3
e4 7.Nh4 Be6 8.dxe4 ( 8.Nxe4 ) 8...Bxc4 9.e5 Ng4 ( 9...dxe5 ) 10.Qa4 ( 
10.Bxc6+ bxc6 11.Qa4 Be6 12.Qxc6+ Bd7 13.Qe4 Nxe5 14.f4 Bc6 15.Nd5 Bxd5
16.Qxd5 Nd7 17.Nf5 ) 10...Nxe5 11.f4 ( 11.Bxc6+ bxc6 12.f4 Qd7 13.fxe5 Be6
14.Nf3 ) 11...b5 ( 11...d5 12.fxe5 Bb4 13.O-O ) 12.Nxb5 d5 13.fxe5 Bb4+ ( 
13...Qd7 14.b3 Bxb5 15.Qxb5 ) 14.Nc3 Qd7 15.Bd2 ( 15.Bh3 Qxh3 16.Qxc6+ Qd7
17.Qxa8+ Qd8 18.Qxd8+ ) 15...O-O 16.O-O-O ( 16.b3 Bxc3 17.Bxc3 Bxe2 18.Kxe2 )
16...Qe6 17.Nxd5 ( 17.b3 Qxe5 18.Qxc6 Bxc3 19.Kc2 Bxd2 20.Rxd2 ) 17...Bxd5
18.Bxd5 Qxd5 19.Bxb4 Qc4+ 20.Qc2 Qxc2+ 21.Kxc2 Nxb4+ 22.Kb1 Rad8 ( 22...f6
23.exf6 Rxf6 24.Nf3 Re8 ) 23.Nf3 Rfe8 24.Rhf1 ( 24.Rxd8 Rxd8 25.a3 Nd5 26.Rc1
Rd7 27.Rc6 h6 28.Ka2 ) 24...Nd5 ( 24...Nc6 25.Rxd8 Nxd8 26.e3 Ne6 27.Rd1 Kf8
) 25.Rd3 c6 ( 25...Rd7 26.Rc1 ) 26.Ng5 ( 26.Rc1 Ne7 27.Rd6 a5 28.e4 Rb8
29.Nd4 Kf8 30.Rc5 a4 31.Rc4 a3 32.b3 Nc8 33.Rdxc6 Nb6 34.Rb4 Nd7 35.Rxb8 Nxb8
36.Rd6 Rxe5 37.Rd8+ Re8 38.Rxe8+ Kxe8 39.Kc2 ) 26...Rxe5 ( 26...f6 27.Nf3
fxe5 28.e4 Nf6 29.Rxd8 Rxd8 30.Nxe5 c5 31.Nc6 Nxe4 32.Ne7+ Kh8 33.Kc2 g6 )
27.Nxf7 Rf8 28.Rdf3 Ree8 29.Ng5 ( 29.e4 Ne3 30.Rxe3 Rxf7 31.Rxf7 Kxf7 32.Ra3
Re7 33.Ra6 ) 29...Rxf3 ( 29...Nf6 30.R3f2 h6 31.Nh3 Rf7 32.Rg2 ) 30.exf3 Re2
31.Rc1 ( 31.h4 h6 32.Ne4 Nb4 33.Rd1 ) 31...h6 32.Ne4 Nb4 ( 32...Rxh2 33.Rxc6
Nb4 34.Rc8+ Kf7 35.Rc7+ Ke6 36.a3 Rh1+ 37.Rc1 Rxc1+ 38.Kxc1 Nd3+ 39.Kb1 g5 )
33.Rd1 Rxh2 34.a3 Nd5 35.Rc1 Ne7 36.Rc5 Rh1+ 37.Kc2 Kf7 ( 37...Rh2+ 38.Nd2 )
38.Ra5 Rh2+ 39.Kb3
{ Here Black resigned. When I asked why he made two moves for white: rook
takes a7 and pawn a4 in reply. A strange and flawed game on both sides. } ( 
39.Nd2 ) 39...g5 ( 39...Ke6 40.Rxa7 Nf5 41.a4 Nd4+ 42.Kc3 Nxf3 43.Nc5+ Kd5
44.Nd3 c5 45.Rxg7 Nd4 46.Rd7+ Kc6 47.Ne5+ Kb6 48.g4 Ne2+ 49.Kc4 Nc1 50.Rh7
Ka5 51.b4+ cxb4 52.Nc6+ Kb6 53.Nxb4 Rh4 54.Nd5+ Ka6 55.Nf6 Ne2 56.Re7 Nf4
57.Re4 Nh3 58.Kb4 Ng5 59.Re5 Kb6 60.Rb5+ Ka6 61.Rd5 Nf7 62.Ra5+ Kb6 63.Nd5+
Kb7 64.Rb5+ Ka7 65.Ne3 Rh3 66.Nf5 Rh1 67.Rd5 Ka6 ) 40.a4 1-0

[Event "Rentrée CEH 2018 (Open)"]
[Site "Gatineau"]
[Date "2018.09.18"]
[Round "2"]
[White "Raymond Daniel"]
[Black "Lemieux Richard"]
[Result "1/2-1/2"]
[BlackElo "1621"]
[EventCountry "CAN"]
[EventDate "2018.09.18"]
[EventRounds "1"]
[EventType "tourn"]
[SourceTitle "Opening Tree 2017.ctg"]
[WhiteElo "1781"]

{ Commentaires de Daniel } 1.e4 e5 2.Nf3 Nc6 3.Bb5 d6 4.d4 exd4 5.Nxd4 Bd7
6.O-O Nxd4
{ Ici, il n'est pas recommandé aux noirs de prendre le cavalier puisque la
dame sera centralisée. } 7.Bxd7+ Qxd7 8.Qxd4 Nf6 9.Nc3 Be7 10.Bg5 Qg4 11.Qa4+
Qd7 12.Qb3 O-O 13.Rad1 Qc6 14.Bxf6 Bxf6 15.Nd5 Bd8 16.Rd3 b6 17.Re1 Re8
18.Nb4 Qb7 19.Rf3 c6 20.Nxc6 Bf6 21.Nb4 Rxe4 22.Rxe4 Qxe4 23.Re3 Qf5 24.Nd5
Rc8 25.Ne7+
{ Coup hâtif de la part des blancs. Il fallait jouer Da4 pour garder la
pression. } 25...Bxe7 26.Rxe7 Kf8 27.Rxa7 Rxc2 28.Ra8+ Ke7 29.Ra7+ Kf8
30.Rxf7+ Qxf7 31.Qxc2 Qxa2 32.h3 Qe6 33.Qd2 Qe5 34.Kf1 Qb5+ 35.Qe2 Qc5
36.Qf3+ Kg8 37.Qe3 Qb5+ 38.Ke1 Qc6 39.Ke2 Kf8
{ Imprécision des noirs qui donnent une lueur d'espoir aux blancs pour le
gain. } 40.Qf3+ Qxf3+ 41.Kxf3 Ke7 42.Ke4 Ke6 43.f4 g6 44.g4 h5 45.b4 b5
46.Kd4 h4 47.Ke4 Ke7 48.Kd5 Kd7 49.f5 gxf5 50.gxf5 Ke7 51.Kc6
{ Les blancs jouent les bons coups. } 51...Kf6 52.Kxd6 $2
{ Les blancs ont pris le mauvais pion. Si les blancs capturent le pion en
b5, ils se sauvent avec la victoire. } 52...Kxf5 53.Kc5 Kf4 54.Kxb5 Kg3
55.Kc5 Kxh3 56.b5 Kg2 1/2-1/2

[Event "Rentrée CEH 2018 (Open)"]
[Site "Gatineau"]
[Date "2018.09.11"]
[Round "1"]
[White "Arsenault Michel"]
[Black "Danilov Alex"]
[Result "1-0"]
[BlackElo "1663"]
[EventDate "2018.09.11"]
[WhiteElo "1875"]

1.c4 Nc6 2.g3 Nf6 3.Bg2 e6 4.Nf3 g6 5.O-O Bg7 6.d3 O-O 7.Nc3 d6 8.Rb1 Rb8
9.h3 d5 10.e4 d4 11.Ne2 e5 12.Qa4 Nd7 13.b4 a5 14.bxa5 Ra8 15.Bd2 Nxa5 16.Qc2
b6 17.Ne1 Nc5 18.Bb4 Nab7 19.f4 f6 20.g4 Bd7 21.Bd2 Qe7 22.Ng3 f5 23.exf5
exf4 24.Bxf4 gxf5 25.g5 Rae8 26.Nf3 Bc6 27.Rbe1 Qd7 28.Nh5 Qf7 29.Nxg7 Qxg7
30.Be5 Qg6 31.Qd2 Nd8 32.Nh4 Qh5 33.Nxf5 Re6 34.Nh6+ Rxh6 35.gxh6 Qg6
36.Rxf8+ Kxf8 37.Qd1 Nf7 38.Bg7+ Kg8 39.Qg4 Qxg4 40.hxg4 Nxh6 41.Bxh6 Bxg2
42.Kxg2 Nxd3 1-0

[Event "Rentrée CEH 2018 (Open)"]
[Site "Gatineau"]
[Date "2018.09.11"]
[Round "1"]
[White "Laurin Marcel"]
[Black "Raymond Daniel"]
[Result "1-0"]
[BlackElo "1781"]
[EventDate "2018.09.11"]
[WhiteElo "1612"]

1.d4 d5 2.Nf3 e6 3.Bf4 c5 4.e3 Nc6 5.Nc3 a6 6.a3 Bd6 7.dxc5 Bxf4 8.exf4 Qf6
9.Qd2 Nge7 10.Bd3 O-O 11.g4 Ng6 12.f5 Nge5 13.Nxe5 Nxe5 14.O-O-O Nxg4 15.Rdg1
Ne5 16.Rg3 d4 17.Ne4 Qxf5 18.Rg5 Nxd3+ 19.cxd3 Qf3 20.Rhg1 g6 21.R1g3 Qh1+
22.Kc2 Kg7 23.Rh5 f5 24.Qh6+ Kf7 25.Qxh7+ Ke8 26.Qxg6+ Kd8 27.Qg7 fxe4
28.Qxf8+ Kc7 29.Qd6# 1-0

[Event "Rentrée CEH 2018 (Open)"]
[Site "Gatineau"]
[Date "2018.09.11"]
[Round "1"]
[White "Lavergne Daniel"]
[Black "Jobin Gilles G."]
[Result "1/2-1/2"]
[BlackElo "1843"]
[WhiteElo "1637"]

1.d4 d6 2.c4 e5 3.dxe5 dxe5 4.Qxd8+ Kxd8 5.e4 Nc6 6.Nf3 f6 7.Be2 Bb4+ 8.Nbd2
Bg4 9.O-O Nge7 10.Nb3 Bxf3 11.Bxf3 Na5 12.Nxa5 Bxa5 13.Rd1+ Ke8 14.Be3 c6
15.Rab1 f5 16.b4 Bb6 17.c5 Bc7 18.b5 f4 19.Bc1 Rd8 20.bxc6 Rxd1+ 21.Bxd1 bxc6
22.Rb7 1/2-1/2

[Event "Rentrée CEH 2018 (Open)"]
[Site "Gatineau"]
[Date "2018.09.11"]
[Round "1"]
[White "Thibault Mario"]
[Black "Lemieux Richard"]
[Result "1-0"]
[BlackElo "1621"]
[WhiteElo "1841"]

1.e4 c6 2.d4 d5 3.exd5 cxd5 4.Bd3 Nf6 5.Bf4 Nc6 6.c3 e6 7.Nf3 Bd6 8.Bxd6 Qxd6
9.O-O O-O 10.Re1 Re8 11.Ne5 Nd7 12.Bxh7+ Kf8 13.Nxf7 Kxf7 14.Qh5+ Kf8 15.Bg6
Ke7 16.Bxe8 Qf4 17.Bxd7 Bxd7 18.g3 Qf6 19.Nd2 Rf8 20.Re2 g6 21.Qxd5 Kd8
22.Qd6 Kc8 23.Rae1 g5 24.Ne4 Qh6 25.Nc5 1-0

[Event "Rentrée CEH 2018 (Open)"]
[Site "Gatineau"]
[Date "2018.09.11"]
[Round "1"]
[White "Azar Sebastien"]
[Black "Bastien Andre"]
[Result "1-0"]
[BlackElo "1857"]
[WhiteElo "1659"]

1.e4 c5 2.Nf3 e6 3.d4 cxd4 4.Nxd4 Nf6 5.Nc3 d6 6.Bd3 Be7 7.Be3 Bd7 8.O-O Nc6
9.Qd2 a6 10.a3 Qc7 11.Rad1 O-O 12.Be2 Rac8 13.f4 Rfe8 14.Kh1 Bf8 15.Nf3 Ng4
16.Bg1 f5 17.exf5 exf5 18.Nd5 Qa5 19.b4 Rxe2 20.Qxe2 Qd8 21.Bb6 Qe8 22.Qxe8
Bxe8 23.h3 Nh6 24.Rde1 Bf7 25.Ne3 g6 26.g4 Be6 27.g5 Nf7 28.Nd4 Bd7 29.Nd5
Bg7 30.Nxc6 Bxc6 31.c4 h6 32.h4 hxg5 33.hxg5 Bb2 34.a4 Kg7 35.Kg1 Rh8 36.Rb1
Bxd5 37.cxd5 Bc3 38.Rf3 Be5 39.fxe5 Nxe5 40.Bd4 1-0

[Event "Rentrée CEH 2018 (Open)"]
[Site "Gatineau"]
[Date "2018.09.11"]
[Round "1"]
[White "Laurin Jacques"]
[Black "Rioux Jocelyn"]
[Result "0-1"]
[BlackElo "1639"]
[WhiteElo "1844"]

1.c4 Nf6 2.Nc3 e6 3.e4 Nc6 4.Nf3 d6 5.d4 Be7 6.Bd3 O-O 7.Bf4 Nxd4 8.Nxd4 e5
9.Be3 exd4 10.Bxd4 Re8 11.O-O Be6 12.f4 b6 13.f5 Bc8 14.g4 Nd7 15.Nd5 Ne5
16.Be2 Nc6 17.Bc3 Bg5 18.Qd3 Ne5 19.Qg3 c6 20.Nf4 Bh4 21.Qe3 Qg5 22.h3 h5
23.Bxe5 Rxe5 24.Qd4 c5 25.Qxd6 Rxe4 26.Bd3 Rd4 27.Qc6 hxg4 28.Qe8+ Kh7 29.Ng2
gxh3 30.f6+ Rxd3 31.Qe4+ g6 0-1

[Event "Rentrée CEH 2018 (-1600)"]
[Site "Gatineau"]
[Date "2018.10.09"]
[Round "5"]
[White "Dupont-Mageau Nicolas"]
[Black "Seguin Hubert"]
[Result "1-0"]
[BlackElo "1555"]
[EventCountry "CAN"]
[EventDate "2018.10.09"]
[EventRounds "1"]
[EventType "tourn"]
[SourceTitle "Opening Tree 2017.ctg"]
[WhiteElo "1444"]

1.e4 c5 2.Nc3 Nc6 3.f4 d6 4.Nf3 g6 5.Bc4 Bg7 6.d3 e6 7.O-O Nge7 8.Qe1 O-O
9.Qh4 d5 10.Bb3 a6 11.f5 exf5 12.Bh6 b5 13.exd5 Na5 14.Ng5 Bf6 15.Bxf8 Bxg5
16.Qxg5 Qxf8 17.Rae1 Ra7 18.Rf3 Nxb3 19.axb3 f6 20.Qe3 b4 21.Qxc5 bxc3
22.Qxa7 cxb2 23.Qc5 Qd8 24.Rfe3 b1=Q 25.Rxb1 Nxd5 26.Qc4 Kg7 27.Re2 f4 28.h3
f3 29.gxf3 Bxh3 30.Rh2 Bf5 31.Qxa6 g5 32.Qa7+ Kh8 33.Ra1 Nb6 34.Kg2 g4
35.Rah1 gxf3+ 36.Kf1 Bxd3+ 37.cxd3 Qxd3+ 38.Ke1 Qe3+ 39.Kd1 Qxb3+ 40.Kc1 Qc3+
41.Kb1 Qd3+ 42.Ka1 Qc3+ 43.Rb2 1-0

[Event "Rentrée CEH 2018 (-1600)"]
[Site "Gatineau"]
[Date "2018.10.09"]
[Round "5"]
[White "Ethier Valori"]
[Black "Iyamuremye Gervais"]
[Result "1/2-1/2"]
[BlackElo "1475"]
[EventCountry "CAN"]
[EventDate "2018.10.09"]
[EventRounds "1"]
[EventType "tourn"]
[SourceTitle "Opening Tree 2017.ctg"]
[WhiteElo "1364"]

1.f4 Nf6 2.b3 e6 3.Bb2 Be7 4.Nf3 b6 5.e3 Bb7 6.Be2 O-O ( { Relevant: } 6...c5
7.O-O Nc6 8.c4 O-O 9.d3 d5 10.Ne5 Nd7 11.Nxc6 Bxc6 12.Nd2 Bf6 13.Qc2 Bxb2
14.Qxb2 Qf6 15.Qxf6 Nxf6 16.g4 Rfd8 17.g5 Ne8 18.Kf2 Rac8 19.h4 Nd6 20.Rac1
Nf5 21.h5 h6 22.Rg1 hxg5 23.cxd5 exd5 24.Rxg5 Bd7 25.Rcg1 f6 26.Rg6 Kf8 27.h6
Nxh6 28.Rxg7 Be8 29.Rh7 Nf7 30.Bg4 Rc6 31.Nf3 Ke7 32.Nh4 Rc7 33.Nf5+ Kf8
34.Bh5 { 1-0 (34) Rakhmanov,A (2602)-Rozum,I (2501) Voronezh 2013 } ) 7.O-O
a5 8.a4 d5 $146  ( 8...d6 9.Nd4 c5 10.Bf3
Qc8 11.Bxb7 Qxb7 12.Nb5 Na6 13.Rf3 Rfd8 14.N1a3 Nc7 15.Nxc7 Qxc7 16.Nb5 Qb7
17.Rh3 Rac8 18.d3 d5 19.Qf3 Rc6 20.Be5 Nd7 21.Qh5 Nf8 22.Bxg7 Kxg7 23.Qh6+
Kg8 24.Rg3+ Ng6 25.h4 Bf6 26.Rf1 Bg7 27.Qg5 Qe7 28.h5 Qxg5 29.Rxg5 h6 30.Rxg6
fxg6 31.hxg6 Bf6 32.g4 Kg7 33.f5 h5 34.gxh5 Rh8 35.e4 Rxh5 36.Kg2 dxe4
37.dxe4 exf5 38.exf5
{ Arango Martinez,A (1990) -Beltran,C (2143) Cali 2017 0-1 } ) 9.Ne5 Nfd7
10.d3 Nxe5 11.Bxe5 Nd7 12.Bb2 Bf6 13.Qc1 c5 14.Nd2 Bxb2 15.Qxb2 Qf6 16.Qc1 e5
17.fxe5 Qxe5 18.Nf3 Qe7 19.Qd2 Ne5 20.Nxe5 Qxe5 21.Bf3 Rab8 22.Rae1 d4
23.Bxb7 Rxb7 24.Qf2 dxe3 25.Rxe3 Qd6 26.Qf3 Re7 27.Rfe1 Rxe3 28.Rxe3 Qd4
29.Kf1 g6 30.Re7 Qa1+ 31.Kf2 Qd4+ 32.Kf1 Qa1+ 33.Kf2 1/2-1/2

[Event "Rentrée CEH 2018 (-1600)"]
[Site "Gatineau"]
[Date "2018.10.09"]
[Round "5"]
[White "Bourbonnais Luc"]
[Black "Fex John"]
[Result "1-0"]
[BlackElo "1382"]
[EventCountry "CAN"]
[EventDate "2018.10.09"]
[EventRounds "1"]
[EventType "tourn"]
[SourceTitle "Opening Tree 2017.ctg"]
[WhiteElo "1350"]

1.Nf3 Nc6 2.d4 d5 3.c4 e6 4.Nc3 Bb4 5.a3 Bxc3+ 6.bxc3 dxc4 7.e4 b5 8.a4 Ba6
9.axb5 Bxb5 10.Ba3 h6 11.Bc5 Nf6 12.Nd2 Nd7 13.Ba3 a5 14.Bxc4 Bxc4 15.Nxc4
Nf6 16.Qe2 Ne7 17.O-O O-O 18.Ne5 Re8 19.f4 Nd7 20.Nd3 f5 21.Bxe7 Qxe7 22.Ne5
Nxe5 23.fxe5 fxe4 24.Qxe4 Rf8 25.Qc6 Rxf1+ 26.Kxf1 Qf7+ 27.Qf3 Rb8 28.Qxf7+
Kxf7 29.Rxa5 Ke7 30.Ra1 Rf8+ 31.Ke2 Rf5 32.Ke3 Rh5 33.h3 g5 34.Rf1 Rh4 35.Rf6
g4 36.hxg4 Rxg4 37.Kf3 Rh4 38.Rg6 Rh5 39.Rg4 Rf5+ 40.Rf4 Rg5 41.g4 h5 42.gxh5
Rxh5 43.Ke4 Rh1 44.Kd3 Rh3+ 45.Kc4 Re3 46.Rf2 Rg3 47.Rc2 Re3 48.Kc5 Kd7 49.c4
Re4 50.Rg2 Rf4 51.Rg7+ Kd8 52.Rg8+ Kd7 53.Rg5 Re4 54.d5 Ke7 55.Kb5 Re2 56.Kc6
Rc2 57.d6+ cxd6 58.exd6+ Kf7 59.c5 Ra2 60.Kb6 Rb2+ 61.Kc7 Ra2 62.c6 Ra8
63.Rb5 Rf8 64.d7 Ke7 65.Rb8 Rxb8 66.Kxb8 Kd8 67.c7+ Kxd7 68.c8=Q+ Kd6 69.Qc4
Ke7 70.Qe4 Kd6 71.Kb7 Ke7 72.Kc6 Kf6 73.Kd6 1-0

[Event "Rentrée CEH 2018 (-1600)"]
[Site "Gatineau"]
[Date "2018.10.09"]
[Round "5"]
[White "Sabourin Yves"]
[Black "Labrie Dany"]
[Result "0-1"]
[BlackElo "1374"]
[EventCountry "CAN"]
[EventDate "2018.10.09"]
[EventRounds "1"]
[EventType "tourn"]
[SourceTitle "Opening Tree 2017.ctg"]
[WhiteElo "1498"]

1.e4 d5 2.exd5 Qxd5 3.Nc3 Qd6 4.d4 Nf6 5.Bd3 g6 6.Ne4 Nxe4 7.Bxe4 Bg7 8.Ne2
O-O 9.O-O Nc6 10.Be3 Bd7 11.c3 e5 12.d5 Ne7 13.c4 b6 14.Nc3 Qb4 $2 15.Qb3 ( 
15.d6 $1 ) 15...a5 16.Rfd1 Nf5 17.Bxf5 Bxf5 18.Qxb4 axb4 19.Nb5 b3 20.Nxc7
Rxa2 21.Bxb6 Bc2 22.Rxa2 bxa2 23.Ra1 Bb3 24.Bc5 Rd8 25.Rc1 e4 26.Ba3 Bh6
27.Ra1 Bxc4 28.g3 Bd2 29.d6 e3 30.fxe3 Bxe3+ 31.Kg2 Bd4 32.Kf3 Be5 33.Ke4 Bg7
34.Nd5 f5+ 0-1

[Event "Rentrée CEH 2018 (-1600)"]
[Site "Gatineau"]
[Date "2018.10.09"]
[Round "5"]
[White "Berthiaume Serge"]
[Black "Arcand Pierre"]
[Result "0-1"]
[BlackElo "1140"]
[EventCountry "CAN"]
[EventDate "2018.10.09"]
[EventRounds "1"]
[EventType "tourn"]
[SourceTitle "Opening Tree 2017.ctg"]
[WhiteElo "1572"]

1.e4 e5 2.Nf3 Nc6 3.Bc4 h6 4.O-O Nf6 5.d4 exd4 6.Nxd4 Nxd4 7.Qxd4 d6 8.e5 Nh7
9.exd6 Qxd6 10.Re1+ Be6 11.Qxd6 Bxd6 12.Bxe6 fxe6 13.Rxe6+ Be7 14.Bf4 Nf8
15.Re2 Rc8 16.Nc3 Ng6 17.Bg3 O-O 18.Nb5 a6 19.Nxc7 Bd8 20.Nd5 Rf5 21.Ne3 Nf4
22.Rd2 Rf8 23.Rad1 Ne6 24.Rd7 Nc5 25.R7d5 Ne4 26.b3 Nxg3 27.hxg3 Bb6 28.Nf5
Rxc2 29.Ne7+ Kh7 30.Rd7 Rcxf2 31.Kh1 Rf1+ 32.Rxf1 Rxf1+ 33.Kh2 Bg1+ 34.Kh3
Bc5 35.Kg4 Rf7 36.Rxb7 Rxe7 37.Rxe7 Bxe7 38.Kf5 Bd6 39.g4 g6+ 40.Ke6 Ba3
41.Kf7 a5 42.Kf6 Bb2+ 43.Kf7 Bg7 44.Ke6 Kg8 45.Kd5 Bc3 46.Kc4 Bd2 47.a3 Kf7
48.b4 axb4 49.axb4 Bxb4 50.Kxb4 Kf6 51.g3 Kg5 52.Kc4 0-1

[Event "Rentrée CEH 2018 (-1600)"]
[Site "Gatineau"]
[Date "2018.10.09"]
[Round "5"]
[White "Simard Paul"]
[Black "Lemieux Richard"]
[Result "0-1"]
[BlackElo "1621"]
[EventCountry "CAN"]
[EventDate "2018.10.09"]
[EventRounds "1"]
[EventType "tourn"]
[SourceTitle "Opening Tree 2017.ctg"]
[WhiteElo "1188"]

1.d4 Nf6 2.c4 e5 3.dxe5 Ng4 4.Nf3 Nc6 5.h3 Ngxe5 6.e3 Bb4+ 7.Bd2 Qe7 8.Be2
O-O 9.O-O d6 10.a3 Bxd2 11.Qxd2 Be6 12.b3 Qf6 13.Nc3 Qg6 14.Nb5 Bxh3 15.Kh2
Qxg2# 0-1

[Event "Rentrée CEH 2018 (-1600)"]
[Site "Gatineau"]
[Date "2018.10.02"]
[Round "4"]
[White "Labrie Dany"]
[Black "Simard Paul"]
[Result "1-0"]
[BlackElo "1188"]
[EventCountry "CAN"]
[EventDate "2018.10.02"]
[EventRounds "1"]
[EventType "tourn"]
[SourceTitle "Opening Tree 2017.ctg"]
[WhiteElo "1374"]

1.b4 e5 2.Bb2 d6 3.e3 Nf6 4.Nf3 Be7 5.Nc3 O-O 6.Be2 c6 7.a4 a5 8.b5 Qb6 9.Ba3
cxb5 10.Bxb5 Be6 11.Rb1 Qc7 12.O-O Bc4 13.d3 Bxb5 14.Nxb5 Qd7 15.Nd2 Nc6
16.f4 Nd5 17.Nc4 exf4 18.exf4 Ncb4 19.Qd2 Qc6 20.Rf3 f5 21.Rbf1 Nb6 22.Nb2
Nxa4 23.Nd4 Qc5 24.c3 Nxc3 25.Qe3 Ncd5 26.Qf2 Bf6 27.Kh1 Bxd4 28.Qh4 Ne3
29.Rh3 h6 30.Na4 Qd5 31.Rff3 Nxg2 32.Kxg2 Qa2+ 33.Bb2 Rac8 34.Rhg3 Rc2+
35.Kh3 Bf2 36.Rxg7+ Kh8 37.Qxh6# 1-0

[Event "Rentrée CEH 2018 (-1600)"]
[Site "Gatineau"]
[Date "2018.10.02"]
[Round "4"]
[White "Fex John"]
[Black "Berthiaume Serge"]
[Result "1-0"]
[BlackElo "1572"]
[EventCountry "CAN"]
[EventDate "2018.10.02"]
[EventRounds "1"]
[EventType "tourn"]
[SourceTitle "Opening Tree 2017.ctg"]
[WhiteElo "1382"]

1.e4 Nc6 2.Nf3 d5 3.exd5 Qxd5 4.Nc3 Qd6 5.Nb5 Qd7 6.c3 a6 7.Nbd4 Nxd4 8.Nxd4
Nf6 9.h3 e5 10.Qe2 Bd6 11.d3 O-O 12.Nf3 e4 13.Nd4 Re8 14.Be3 exd3 15.Qxd3 Nd5
16.Nc2 Nf4 17.Qd2 Qc6 18.O-O-O Nxg2 19.Bxg2 Qxg2 20.Rdg1 Qd5 21.Qxd5 Be6
22.Qd4 f6 23.Bh6 Be5 24.Rxg7+ Kh8 25.Qd3 Rad8 26.Qxh7# 1-0

[Event "Rentrée CEH 2018 (-1600)"]
[Site "Gatineau"]
[Date "2018.10.02"]
[Round "4"]
[White "Bourbonnais Luc"]
[Black "Cayen Jean-Philippe"]
[Result "1/2-1/2"]
[BlackElo "1447"]
[EventCountry "CAN"]
[EventDate "2018.10.02"]
[EventRounds "1"]
[EventType "tourn"]
[SourceTitle "Opening Tree 2017.ctg"]
[WhiteElo "1350"]

1.e4 g6 2.d4 e6 3.Nf3 Bg7 4.Be2 b6 5.Nc3 Bb7 6.O-O d6 7.Re1 Ne7 8.Be3 O-O
9.Qd2 a6 10.Bh6 b5 11.a3 Nd7 12.Bxg7 Kxg7 13.b4 Rc8 14.Rad1 Nf6 15.Bf1 c6
16.h3 Qc7 17.Qf4 Nh5 18.Qh2 Rfd8 19.e5 dxe5 20.dxe5 Kg8 21.Ne4 Rxd1 22.Rxd1
Rd8 23.Nd6 Nd5 24.Rd4 Ng7 25.Ne4 Nf5 26.Rd3 Nb6 27.Rxd8+ Qxd8 28.Bd3 Na4
29.g4 Nd4 30.Nf6+ Kg7 31.Qf4 Nxf3+ 32.Qxf3 Ba8 33.Be4 Qd2 34.h4 Nc3 35.Bd3
Qe1+ 36.Kg2 Qxe5 37.Nd7 Qd5 38.Nc5 Nb1 39.Be4 Qd8 40.Nxa6 Qxh4 41.Nc5 Qf6
42.Qd3 Qc3 43.Nxe6+ fxe6 44.Qd7+ Kh6 45.g5+ Kxg5 46.Qd8+ Qf6 47.Qxa8 Kf4
48.Bxc6 Qg5+ 49.Kh1 Qh4+ 50.Kg2 Qg4+ 51.Kh2 Qe2 52.Qb8+ Kf5 53.Qxb5+ Qxb5
54.Bxb5 Nxa3 55.Bd3+ Ke5 56.b5 Kd6 57.c4 Kc5 58.f4 h6 59.Kg3 g5 60.fxg5 hxg5
61.Kg4 e5 62.Kxg5 e4 63.Be2 Nc2 64.Kf4 Nd4 65.Ke3 Nf5+ 66.Kxe4 Ng3+ 67.Ke3
Nf5+ 68.Kf4 Nd4 69.Bf1 Ne6+ 70.Ke5 Nd4 71.Kf6 Kb6 72.Ke7 Nb3 73.Kd7 Nc5+
74.Kc8 Na4 75.Kd7 Nc5+ 76.Kd6 Na4 1/2-1/2

[Event "Rentrée CEH 2018 (-1600)"]
[Site "Gatineau"]
[Date "2018.10.02"]
[Round "4"]
[White "Seguin Hubert"]
[Black "Sabourin Yves"]
[Result "1-0"]
[BlackElo "1498"]
[EventCountry "CAN"]
[EventDate "2018.10.02"]
[EventRounds "1"]
[EventType "tourn"]
[SourceTitle "Opening Tree 2017.ctg"]
[WhiteElo "1555"]

1.e4 e5 2.Nf3 Nf6 3.Nxe5 d6 4.Nf3 Nxe4 5.d4 d5 6.Bd3 Nf6 7.O-O Be7 8.Bg5 O-O
9.Nbd2 Bg4 10.h3 Bh5 11.g4 Bg6 12.Ne5 Bxd3 13.Nxd3 Nbd7 14.Re1 Re8 15.f4 h6
16.Bh4 Nh7 17.Bxe7 Rxe7 18.Qf3 c6 19.Qg3 Nhf6 20.g5 hxg5 21.Qxg5 Ne4 22.Nxe4
dxe4 23.Nf2 Nf6 24.c3 Qd5 25.f5 Rae8 26.Re3 Nh7 27.Qf4 Nf6 28.Ng4 Nxg4
29.hxg4 c5 30.Rd1 f6 31.Rd2 cxd4 32.Rxd4 Qxa2 33.Qd6 Qb1+ 34.Rd1 Qxb2 35.Qd5+
Kf8 36.Rh3 Qb6+ 37.Kh1 g6 38.Rh8+ Kg7 39.Rxe8 1-0

[Event "Rentrée CEH 2018 (-1600)"]
[Site "Gatineau"]
[Date "2018.09.25"]
[Round "3"]
[White "Berthiaume Serge"]
[Black "Simard Paul"]
[Result "1-0"]
[BlackElo "1188"]
[EventCountry "CAN"]
[EventDate "2018.09.25"]
[EventRounds "1"]
[EventType "tourn"]
[SourceTitle "Opening Tree 2017.ctg"]
[WhiteElo "1572"]

1.e4 e5 2.Bc4 d6 3.Nf3 Be7 4.O-O Nf6 5.d3 O-O 6.h3 c6 7.a3 b5 8.Ba2 h6 9.Nc3
Nbd7 10.Ne2 a5 11.Qe1 Nc5 12.b4 axb4 13.axb4 Na6 14.Ng3 Nc7 15.Bd2 Be6
16.Bxe6 Nxe6 17.Rxa8 Qxa8 18.Nf5 Qe8 19.Qa1 Qd7 20.Qa6 Nc7 21.Nxe7+ Qxe7
22.Qxc6 Rc8 23.Ra1 Qe6 24.c3 Qd7 25.Qxd7 Nxd7 26.Nh4 Nf6 27.Nf5 Rd8 28.Ra7
Ne6 29.Rb7 Nh5 30.Ne7+ Kf8 31.g3 g5 32.Nf5 Nf6 33.Nxh6 Ra8 34.Rxf7+ Ke8
35.Rxf6 Nc7 36.Bxg5 Ra3 37.Bd2 Ra2 38.Be1 Ra1 39.Kf1 Kd7 40.g4 Ne8 41.Rf7+
Ke6 42.g5 Rd1 43.Ke2 Ra1 44.g6 Ra8 45.g7 Nxg7 46.Rxg7 Rh8 47.Rg6+ Kd7 48.Kf3
1-0

[Event "Rentrée CEH 2018 (-1600)"]
[Site "Gatineau"]
[Date "2018.09.25"]
[Round "3"]
[White "Ethier Valori"]
[Black "Labrie Dany"]
[Result "1-0"]
[BlackElo "1374"]
[EventCountry "CAN"]
[EventDate "2018.09.25"]
[EventRounds "1"]
[EventType "tourn"]
[SourceTitle "Opening Tree 2017.ctg"]
[WhiteElo "1364"]

1.f4 f5 2.b3 e6 3.Bb2 Be7 $2 4.Bxg7 Bf6 $6 5.Bxh8 $1 Bxh8 $5 6.d4 d5 7.Nf3
Nf6 8.Nc3 Nbd7 9.e3 Qe7 10.Qd2 Qa3 11.Bd3 Ne4 12.Bxe4 dxe4 13.Ne5 Nf6 14.O-O
b6 15.Nb5 Qe7 16.Nc6 Qd7 17.Nbxa7 Bb7 18.Ne5 Qg7 19.Nb5 O-O-O 20.Qc3 Nd5
21.Qd2 Rg8 22.Rf2 Qf6 23.Na7+ Kd8 24.Nac6+ Ke8 25.c4 Ne7 26.Qb4 Bxc6 27.Nxc6
Nxc6 28.Qb5 Kd7 29.Rd1 Kd6 30.c5+ Kd7 31.cxb6 Rb8 32.b7 Bg7 33.Rc2 Qd8
34.Qxc6+ Ke7 35.Qxc7+ Qxc7 36.Rxc7+ Kf6 37.Rdc1 h5 38.Rd7 h4 39.Rc8 1-0

[Event "Rentrée CEH 2018 (-1600)"]
[Site "Gatineau"]
[Date "2018.09.25"]
[Round "3"]
[White "Arcand Pierre"]
[Black "Sabourin Yves"]
[Result "0-1"]
[BlackElo "1498"]
[EventCountry "CAN"]
[EventDate "2018.09.25"]
[EventRounds "1"]
[EventType "tourn"]
[SourceTitle "Opening Tree 2017.ctg"]
[WhiteElo "1140"]

1.e4 e5 2.Nf3 Nf6 3.Nc3 Nc6 4.Bb5 Bb4 5.d3 d6 6.h3 Bd7 7.Bd2 Qe7 8.a3 Bxc3
9.Bxc3 O-O-O 10.O-O g6 11.Qd2 Nh5 12.Bxc6 Bxc6 13.Qe3 a6 14.Rad1 f5 15.Qg5
Qf7 16.Rfe1 f4 17.d4 h6 18.Nxe5 dxe5 19.Qxe5 Rhe8 20.Qc5 Bxe4 21.Ba5 Rd5
22.Qc4 Rf5 23.Qxf7 Rxf7 24.f3 Bc6 25.Rxe8+ Bxe8 26.Re1 Kd7 27.Re5 b6 28.Bb4
a5 29.Bd2 Re7 30.Rxe7+ Kxe7 31.g4 fxg3 32.Bxh6 c6 33.Be3 a4 34.Kf1 b5 35.Ke2
Ke6 36.c3 Kf5 37.Kf1 Nf4 38.h4 Bf7 39.Bxf4 Kxf4 40.Kg2 Bd5 41.Kh3 Kxf3 0-1

[Event "Rentrée CEH 2018 (-1600)"]
[Site "Gatineau"]
[Date "2018.09.25"]
[Round "3"]
[White "Fex John"]
[Black "Dupont-Mageau Nicolas"]
[Result "0-1"]
[BlackElo "1444"]
[EventCountry "CAN"]
[EventDate "2018.09.25"]
[EventRounds "1"]
[EventType "tourn"]
[SourceTitle "Opening Tree 2017.ctg"]
[WhiteElo "1382"]

1.e4 e5 2.Nf3 Nc6 3.d4 exd4 4.Nxd4 Nf6 5.Nxc6 dxc6 6.Qxd8+ Kxd8 7.Bg5 Be7
8.Nc3 Re8 9.f3 Bd7 10.O-O-O Nd5 11.Bxe7+ Nxe7 12.Bc4 Rf8 13.Rd2 Nc8 14.e5 Ke7
15.Rhd1 Nb6 16.Bd3 h6 17.g4 f6 18.Re2 Rae8 19.Bg6 Rd8 20.Bf5 Bxf5 21.Rxd8
Rxd8 22.gxf5 fxe5 23.Rxe5+ Kf6 24.Ra5 a6 25.Ne4+ Kf7 26.b3 Rd5 27.Rc5 Nd7
28.Rxd5 cxd5 29.Ng3 Kf6 30.Nh5+ Kxf5 31.Nxg7+ Kf4 32.Ne6+ Kxf3 33.Nxc7 Nf6
34.Ne6 Kg2 35.Nc5 Kxh2 36.Nxb7 h5 37.Nc5 h4 38.Ne6 Kg3 39.Ng5 Ne4 40.c4 Nxg5
0-1

[Event "Rentrée CEH 2018 (-1600)"]
[Site "Gatineau"]
[Date "2018.09.18"]
[Round "2"]
[White "Sabourin Yves"]
[Black "Berthiaume Serge"]
[Result "1-0"]
[BlackElo "1572"]
[EventCountry "CAN"]
[EventDate "2018.09.18"]
[EventRounds "1"]
[EventType "tourn"]
[SourceTitle "Opening Tree 2017.ctg"]
[WhiteElo "1498"]

1.e4 Nc6 2.d4 d5 3.e5 Bf5 4.Nf3 e6 5.c3 Be7 6.Bb5 a6 7.Bd3 Bg4 8.Be3 f6 9.Bf4
fxe5 10.Bxe5 Nxe5 11.dxe5 c5 12.Qa4+ Qd7 13.Qxg4 g6 14.Nbd2 O-O-O 15.Bc2 d4
16.cxd4 cxd4 17.Bb3 Kb8 18.O-O Bc5 19.Bxe6 Qe7 20.Qh4 Qc7 21.Rac1 Qb6 22.Rxc5
Qxc5 23.Qxd8+ Ka7 24.Qxd4 Qxd4 25.Nxd4 Ne7 26.Rc1 Rd8 27.N2f3 Nc6 28.Rxc6
1-0